000 00744nam a2200217Ii 4500
003 JO-AjNU
008 230605s9999||||xx |||||||||||||| ||und||
017 _a2005/9/2183
020 _a978-9957-18-093-2
040 _aJO-AjNU
_bara
_erda
_cJO-AjNU
041 _aara
050 1 4 _aQA276. F84 2005
100 3 _aتاليف فليفل، كامل، م.مشارك فتحي حمدان,
_eauthor
_960054
245 0 0 _aالاحصاء= STATISTICS
264 3 1 _aعمان: دار المناهج للنشر والتوزيع،2005
300 _a275ص
_bيحتوي على ملاحق من ص253-274ص
336 _atext
_btxt
_2rdacontent
337 _aunmediated
_bn
_2rdamedia
338 _avolume
_bnc
_2rdacarrier
650 4 _aالاحصاء
_960055
999 _aA27058
_c30626
_d30626